Quantum mechanics: A mathematical introduction (Record no. 1238113)

MARC details
000 -LEADER
fixed length control field 00765nam a2200241Ia 4500
005 - DATE AND TIME OF LATEST TRANSACTION
control field 20250117104439.0
008 - FIXED-LENGTH DATA ELEMENTS--GENERAL INFORMATION
fixed length control field 008 250103s9999 xx 000 0 eng d
020 ## - INTERNATIONAL STANDARD BOOK NUMBER
International Standard Book Number 9781009100502
037 ## - SOURCE OF ACQUISITION
Stock number Textbook
040 ## - CATALOGING SOURCE
Original cataloging agency CSL
Language of cataloging eng
Transcribing agency CSL
041 ## - LANGUAGE CODE
Language code of text/sound track or separate title eng
Source of code eng
084 ## - COLON CLASSIFICATION NUMBER
Classification number CN1 R3 Carpa
Assigning agency CSL
100 ## - MAIN ENTRY--PERSONAL NAME
Personal name Larkoski, Andrew J
245 #0 - TITLE STATEMENT
Title Quantum mechanics: A mathematical introduction
Statement of responsibility, etc. Larkoski, Andrew J
260 ## - PUBLICATION, DISTRIBUTION, ETC.
Place of publication, distribution, etc. Shaftesbury road cambridge
Name of publisher, distributor, etc. Cambridge University Press United kingdom
Date of publication, distribution, etc. 2023
300 ## - PHYSICAL DESCRIPTION
Extent xvi.380p. ill.
650 ## - SUBJECT ADDED ENTRY--TOPICAL TERM
Topical term or geographic name entry element he hydrogrn atom
9 (RLIN) 734665
650 ## - SUBJECT ADDED ENTRY--TOPICAL TERM
Topical term or geographic name entry element Hilbert space
9 (RLIN) 265455
650 ## - SUBJECT ADDED ENTRY--TOPICAL TERM
Topical term or geographic name entry element The path Intergal
9 (RLIN) 734666
650 ## - SUBJECT ADDED ENTRY--TOPICAL TERM
Topical term or geographic name entry element Physics
942 ## - ADDED ENTRY ELEMENTS (KOHA)
Koha item type Textbook
Classification part CN1 R3 Carpa
Holdings
Withdrawn status Lost status Source of classification or shelving scheme Damaged status Not for loan Home library Current library Shelving location Date acquired Source of acquisition Inventory number Total Checkouts Full call number Barcode Date last seen Price effective from Koha item type
    Colon Classification (CC)     Central Science Library Department of Physics and Astrophysics Library   2025-01-17 New India Book Agency 4793, 14/12/2023   CN1 R3 Carpa PA0007676 2025-01-17 2025-01-17 Textbook
Copyright @ Delhi University Library System